000 00886nai a2200217Ia 4500
003 IN-BaIIA
008 211028c9999 xx s 000 0 eng d
022 _a0097-2185 (Print)
022 _a2379-6774 (Online)
040 _cIIA Library
245 0 _aTransactions of the American Institute of Electrical Engineers, Part II: Applications and Industry
_h[eJournal]
260 _aNew York, USA
_bThe Institute of Electrical and Electronics Engineers, Inc. (IEEE)
310 _aAnnually
362 _a71(1); 1952 - 81(6); 1963
521 _bSubscribed through National Knowledge Resource Consortium (NKRC)
650 _a Fields, Waves and Electromagnetics
650 _a Signal Processing and Analysis
_948813
650 _aPower, Energy and Industry Applications
856 _uhttps://ieeexplore.ieee.org/servlet/opac?punumber=6366379
_yClick Here to Access eJournal
942 _cEJ
999 _c35813
_d35813